000 00699nam a22002057a 4500
999 _c17813
_d17813
003 OSt
005 20230119132401.0
008 230119b ||||| |||| 00| 0 eng d
040 _c0
082 _aDPer 370.5 M720 June - December 2017 v66 no. 1-7
100 _aAguimatang, Amelita Ferrer.
_eauthor.
_947323
245 _aTracing the history of Philippine independence /
_cAmelita Ferrer Aguimatang
260 _aPhilippines :
_bPapi Publishers, Inc.,
_cJune 2017.
300 _avolume 66, pages 25- 26.
650 _aPhilippines-History.
_947324
650 _aSpanish colony.
_947325
650 _aPatriotism.
_947326
700 _aAguimatang, Amelita Ferrer.
_eauthor.
_947323
942 _2ddc
_cPER